Gaming Quiz

Random Gaming Quiz

PS4 Games by Trophy 03 (Map) Quiz Stats

 Plays Quiz not verified by Sporcle

Support Sporcle.
Go Orange.
Score 0/25 Timer 13:00
0 Plays Today
% Correct
Minecraft
80%
Lego City Undercover
73.3%
Lego Harry Potter Years 1-4
60%
Lego Harry Potter Years 5-7
60%
Lego Marvel Super Heroes
60%
Lego The Incredibles
60%
Life is Strange
53.3%
Lego Batman 3
46.7%
Lego Movie Videogame
46.7%
Mega Man 11
46.7%
Lego Avengers
40%
Lego Marvel Super Heroes 2
40%
Lego Star Wars The Force Awakens
40%
% Correct
Lego The Hobbit
40%
Life is Strange Before the Storm
40%
Lego Jurassic Park
33.3%
Mega Man X Legacy Collection
33.3%
Lego Worlds
26.7%
Marvel vs Capcom Infinite
26.7%
Lego Movie 2 Videogame
20%
Little Big Planet 3
13.3%
Mass Effect Andromeda
13.3%
Lego DC Super Villians
6.7%
Lego Ninjago Videogame
6.7%
Mafia 3
6.7%

You're not logged in!

Compare scores with friends on all Sporcle quizzes.
OR
Log In
Remove Ads.
Support Sporcle.
Get the best of Sporcle when you Go Orange. This ad-free experience offers more features, more stats, and more fun while also helping to support Sporcle. Thank you for becoming a member.

Show Comments

Extras

Created Jul 14, 2019ReportNominate
Tags:Playstation 4

Top Quizzes Today


Score Distribution

Your Account Isn't Verified!

In order to create a playlist on Sporcle, you need to verify the email address you used during registration. Go to your Sporcle Settings to finish the process.

Report this User

Report this user for behavior that violates our Community Guidelines.

Details: